[Event "GMB"]
[Site "Bermuda BER"]
[Date "2002.01.25"]
[Round "5"]
[White "Berg, Emanuel"]
[Black "Charbonneau, Pascal"]
[Result "1/2-1/2"]
[WhiteElo "2500"]
[BlackElo "2386"]
[PlyCount "137"]
[GameId "2129405144554341"]
[EventDate "2002.01.21"]
[EventType "tourn"]
[EventRounds "9"]
[EventCountry "BER"]
[EventCategory "8"]
[SourceTitle "The Week in Chess 377"]
[Source "Mark Crowther"]
[SourceDate "2002.01.28"]
[SourceVersion "1"]
[SourceVersionDate "2002.01.28"]
[SourceQuality "2"]

1. e4 c5 2. Nf3 Nc6 3. d4 cxd4 4. Nxd4 e6 5. Nc3 Qc7 6. Be3 a6 7. f4 Nxd4 8. Qxd4 b5 9. Be2 Bb7 10. Bf3 Rc8 11. O-O h5 12. Rad1 Nf6 13. h3 h4 14. Rf2 Bc5 15. Qd3 Bxe3 16. Qxe3 b4 17. Na4 O-O 18. Nb6 Rcd8 19. e5 Bxf3 20. Qxf3 Ne8 21. Qe3 d5 22. Na4 f6 23. exf6 Rxf6 24. Nc5 Qb6 25. Qd4 Nc7 26. Ne4 Qxd4 27. Rxd4 Rf5 28. g4 Rff8 29. Nc5 a5 30. a4 bxa3 31. bxa3 Rd6 32. c4 Rb6 33. cxd5 exd5 34. f5 Rc6 35. Nd7 Rd8 36. Ne5 Rc3 37. Nf3 Nb5 38. Rf4 Rxa3 39. g5 Nd6 40. f6 Rf8 41. Ne5 gxf6 42. Nd7 Ne4 43. Rg2 Ra1+ 44. Kh2 Ng3 45. Rgf2 Ne4 46. Rg2 Ng3 47. Rb2 Nf1+ 48. Kg2 Ne3+ 49. Kf3 Rf1+ 50. Rf2 Rxf2+ 51. Kxf2 Nd1+ 52. Kf3 Rd8 53. Nxf6+ Kg7 54. Rxh4 Rh8 55. Rd4 Nc3 56. Kg4 Rc8 57. Kf5 Rc4 58. Rxc4 dxc4 59. h4 Ne2 60. h5 Ng3+ 61. Kf4 c3 62. h6+ Kg6 63. h7 Kg7 64. Ke3 Nf5+ 65. Kd3 Nh4 66. Kxc3 Ng6 67. Kb3 Nf8 68. g6 Nxg6 69. Ka4 1/2-1/2

[Event "GMB"]
[Site "Bermuda BER"]
[Date "2002.01.27"]
[Round "6"]
[White "Charbonneau, Pascal"]
[Black "Kallio, Heikki"]
[Result "1-0"]
[WhiteElo "2386"]
[BlackElo "2522"]
[PlyCount "103"]
[GameId "2129405144554346"]
[EventDate "2002.01.21"]
[EventType "tourn"]
[EventRounds "9"]
[EventCountry "BER"]
[EventCategory "8"]
[SourceTitle "The Week in Chess 377"]
[Source "Mark Crowther"]
[SourceDate "2002.01.28"]
[SourceVersion "1"]
[SourceVersionDate "2002.01.28"]
[SourceQuality "2"]

1. e4 e6 2. d4 d5 3. Nc3 Bb4 4. e5 Qd7 5. Bd2 b6 6. Nf3 Ba6 7. Bxa6 Nxa6 8. O-O c6 9. Qe2 Nc7 10. Nb5 Nxb5 11. Bxb4 a5 12. Bd2 Ne7 13. a4 Nc7 14. h4 Nf5 15. h5 h6 16. g4 Ne7 17. Kg2 c5 18. c3 c4 19. Nh4 O-O-O 20. b3 cxb3 21. Rfb1 Qc6 22. Rxb3 Kb7 23. Bc1 Nc8 24. Ba3 Rd7 25. Qb2 g6 26. Rb1 gxh5 27. gxh5 Na8 28. Nf3 Rg8+ 29. Kh2 Rc7 30. Bc5 f5 31. Nh4 Rg5 32. Qe2 Qe8 33. Ng6 Rg7 34. c4 dxc4 35. Rg3 Nc7 36. Bd6 Rxg3 37. fxg3 Qxa4 38. Rc1 b5 39. Bxc7 Rxc7 40. Nf4 Rc6 41. Qg2 Qa3 42. Rb1 Kb6 43. d5 exd5 44. Nxd5+ Kc5 45. e6 Rxe6 46. Nc7 Re4 47. Rxb5+ Kc6 48. Rxf5 Nd6 49. Nb5 Qd3 50. Rf3 Qe2 51. Nd4+ Rxd4 52. Qxe2 1-0

[Event "GMB"]
[Site "Bermuda BER"]
[Date "2002.01.29"]
[Round "8"]
[White "Charbonneau, Pascal"]
[Black "De Vreugt, Dennis"]
[Result "1/2-1/2"]
[WhiteElo "2386"]
[BlackElo "2446"]
[PlyCount "81"]
[GameId "2129405144554357"]
[EventDate "2002.01.21"]
[EventType "tourn"]
[EventRounds "9"]
[EventCountry "BER"]
[EventCategory "8"]
[SourceTitle "The Week in Chess 378"]
[Source "Mark Crowther"]
[SourceDate "2002.02.04"]
[SourceVersion "1"]
[SourceVersionDate "2002.02.04"]
[SourceQuality "2"]

1. e4 c6 2. Nc3 d5 3. Nf3 Bg4 4. h3 Bxf3 5. Qxf3 e6 6. d3 Nd7 7. Qg3 g6 8. Be2 Bg7 9. O-O Ne7 10. a4 O-O 11. a5 Nc5 12. Bf4 Bxc3 13. bxc3 dxe4 14. dxe4 Nxe4 15. Qe3 e5 16. Bxe5 Qd5 17. Ra4 Nc5 18. Rd4 Qe6 19. Rd6 Nd5 20. Qd4 Qe7 21. c4 Ne4 22. Qxe4 Nc3 23. Qe3 Nxe2+ 24. Qxe2 Rae8 25. Re1 f6 26. f4 fxe5 27. fxe5 Rf5 28. c5 Rxe5 29. Qc4+ Qf7 30. Qxf7+ Kxf7 31. Rf1+ Ke7 32. Rdf6 Kd7 33. Rf7+ R8e7 34. Rxe7+ Rxe7 35. Kh2 a6 36. Kg3 Ke8 37. Rb1 Rf7 38. Kh4 h6 39. g4 Kf8 40. Kg3 Kg7 41. h4 1/2-1/2

[Event "Wch U18"]
[Site "Oropesa del Mar ESP"]
[Date "2001.10.28"]
[Round "7"]
[White "Tan, Justin"]
[Black "Charbonneau, Pascal"]
[Result "1-0"]
[WhiteElo "2244"]
[BlackElo "2400"]
[PlyCount "83"]
[GameId "2129405146299913"]
[EventDate "2001.10.21"]
[EventType "swiss"]
[EventRounds "11"]
[EventCountry "ESP"]
[SourceTitle "EXT 2002"]
[Source "ChessBase"]
[SourceDate "2001.11.25"]
[SourceVersion "1"]
[SourceVersionDate "2001.11.25"]
[SourceQuality "1"]

1. e4 c5 2. Nf3 Nc6 3. Bb5 Na5 4. O-O e6 5. Re1 Nf6 6. c3 a6 7. Bf1 d5 8. e5 Nd7 9. d4 Nc6 10. Bg5 Qb6 11. Qd2 Qc7 12. Qe3 b5 13. Nbd2 cxd4 14. cxd4 Nb6 15. Rac1 Bd7 16. b3 Ba3 17. Rc2 h6 18. Bh4 g5 19. Bg3 g4 20. Nh4 Qd8 21. Rxc6 Bxc6 22. Qc3 Be7 23. Qxc6+ Nd7 24. Rc1 Rb8 25. Ng6 Rb6 26. Qc2 fxg6 27. Qxg6+ Kf8 28. Bf4 Bg5 29. Bxg5 hxg5 30. Be2 Rg8 31. Qh6+ Kf7 32. Bxg4 Qf8 33. Qh3 Ke7 34. Qc3 b4 35. Qd3 Rg7 36. h3 Qa8 37. Nf3 Qf8 38. Qd2 Qf4 39. Qc2 Qf7 40. Qc7 Qf8 41. Rc6 Rxc6 42. Qxc6 1-0

[Event "Smartchess.com Int"]
[Site "New York USA"]
[Date "2001.06.04"]
[Round "1"]
[White "Charbonneau, Pascal"]
[Black "Krush, Irina"]
[Result "1-0"]
[WhiteElo "2407"]
[BlackElo "2380"]
[PlyCount "77"]
[GameId "2129405149031468"]
[EventDate "2001.06.04"]
[EventType "tourn"]
[EventRounds "9"]
[EventCountry "USA"]
[EventCategory "9"]
[SourceTitle "The Week in Chess 344"]
[Source "Mark Crowther"]
[SourceDate "2001.06.11"]
[SourceVersion "1"]
[SourceVersionDate "2001.06.11"]
[SourceQuality "2"]

1. e4 c5 2. Nc3 Nc6 3. Bb5 Nd4 4. Bc4 g6 5. Nf3 Bg7 6. Nxd4 cxd4 7. Qf3 Nh6 8. Ne2 O-O 9. O-O Ng4 10. Bb3 d6 11. d3 Kh8 12. Qg3 e5 13. h3 Nh6 14. f4 Qe7 15. c3 f5 16. fxe5 dxe5 17. Bg5 Qe8 18. cxd4 exd4 19. Qh4 Nf7 20. Bf6 Ne5 21. Bxg7+ Kxg7 22. exf5 Bxf5 23. Nxd4 Qd8 24. Nxf5+ Rxf5 25. Qe4 Qb6+ 26. Kh1 Raf8 27. Rxf5 Rxf5 28. d4 Nf7 29. Rc1 Qd6 30. Rd1 Qf6 31. Qxb7 Rf1+ 32. Rxf1 Qxf1+ 33. Kh2 Qf4+ 34. Kg1 Qc1+ 35. Kf2 Qd2+ 36. Kg3 Qg5+ 37. Kf3 Qf5+ 38. Ke3 Qg5+ 39. Ke2 1-0

[Event "Smartchess.com Int"]
[Site "New York USA"]
[Date "2001.06.06"]
[Round "3"]
[White "Ippolito, Dean"]
[Black "Charbonneau, Pascal"]
[Result "1/2-1/2"]
[WhiteElo "2385"]
[BlackElo "2407"]
[PlyCount "37"]
[GameId "2129405149031478"]
[EventDate "2001.06.04"]
[EventType "tourn"]
[EventRounds "9"]
[EventCountry "USA"]
[EventCategory "9"]
[SourceTitle "The Week in Chess 344"]
[Source "Mark Crowther"]
[SourceDate "2001.06.11"]
[SourceVersion "1"]
[SourceVersionDate "2001.06.11"]
[SourceQuality "2"]

1. d4 d5 2. Nf3 Nc6 3. Bg5 Bg4 4. e3 f6 5. Bh4 Nh6 6. c4 Nf5 7. Bg3 e5 8. cxd5 Qxd5 9. Nc3 Bb4 10. Be2 Bxf3 11. Bxf3 Qc4 12. Be2 Bxc3+ 13. Kf1 Qb4 14. bxc3 Qxc3 15. Rc1 Qa5 16. Qb3 Qb6 17. Bb5 Nxg3+ 18. hxg3 O-O-O 19. Qe6+ 1/2-1/2

[Event "Smartchess.com Int"]
[Site "New York USA"]
[Date "2001.06.07"]
[Round "4"]
[White "Charbonneau, Pascal"]
[Black "Sarkar, Justin"]
[Result "1/2-1/2"]
[WhiteElo "2407"]
[BlackElo "2406"]
[PlyCount "81"]
[GameId "2129405149031484"]
[EventDate "2001.06.04"]
[EventType "tourn"]
[EventRounds "9"]
[EventCountry "USA"]
[EventCategory "9"]
[SourceTitle "The Week in Chess 344"]
[Source "Mark Crowther"]
[SourceDate "2001.06.11"]
[SourceVersion "1"]
[SourceVersionDate "2001.06.11"]
[SourceQuality "2"]

1. e4 e6 2. d4 d5 3. Nd2 c5 4. exd5 Qxd5 5. Ngf3 cxd4 6. Bc4 Qd6 7. Qe2 Nc6 8. Nb3 a6 9. O-O Nf6 10. Bg5 Qc7 11. Rad1 b5 12. Bd3 Bd6 13. Bxf6 gxf6 14. Be4 Bd7 15. Nbxd4 Nxd4 16. Rxd4 O-O-O 17. Rfd1 Bc5 18. R4d3 Bc6 19. Kf1 Qb7 20. Qd2 Rxd3 21. cxd3 Bxe4 22. dxe4 Qe7 23. e5 f5 24. Rc1 Kb7 25. Qc3 Bb6 26. Qc6+ Ka7 27. Rd1 Rd8 28. Rd6 Qc7 29. Nd4 Rxd6 30. exd6 Qxc6 31. Nxc6+ Kb7 32. Ne5 f6 33. Nd7 Kc6 34. Nxf6 Bd4 35. Nxh7 Bxb2 36. Ke2 Kxd6 37. Kd3 Ke5 38. Nf8 Ba3 39. f4+ Kxf4 40. Nxe6+ Kg4 41. h3+ 1/2-1/2

[Event "Smartchess.com Int"]
[Site "New York USA"]
[Date "2001.06.09"]
[Round "5"]
[White "Yudasin, Leonid"]
[Black "Charbonneau, Pascal"]
[Result "1-0"]
[WhiteElo "2568"]
[BlackElo "2407"]
[PlyCount "67"]
[GameId "2129405149031492"]
[EventDate "2001.06.04"]
[EventType "tourn"]
[EventRounds "9"]
[EventCountry "USA"]
[EventCategory "9"]
[SourceTitle "The Week in Chess 344"]
[Source "Mark Crowther"]
[SourceDate "2001.06.11"]
[SourceVersion "1"]
[SourceVersionDate "2001.06.11"]
[SourceQuality "2"]

1. e4 c5 2. g3 Nc6 3. Bg2 g6 4. Ne2 Bg7 5. O-O d6 6. d3 e5 7. Be3 Nge7 8. c3 O-O 9. Na3 b6 10. Qd2 d5 11. exd5 Nxd5 12. Bh6 Be6 13. Bxg7 Kxg7 14. Rad1 Rc8 15. Rfe1 Qf6 16. Nc4 Rfd8 17. Qc2 Bg4 18. a3 h5 19. Qa4 Bf3 20. Bh3 h4 21. Bxc8 b5 22. Qxb5 Rxc8 23. Nd2 h3 24. Qa4 Bg2 25. Nc1 Rb8 26. Ncb3 e4 27. dxe4 Nb6 28. Qb5 Nd7 29. Qe2 c4 30. Nd4 Rxb2 31. Nxc6 Qxc6 32. f4 Nb6 33. Qe3 f5 34. exf5 1-0

[Event "Smartchess.com Int"]
[Site "New York USA"]
[Date "2001.06.13"]
[Round "9"]
[White "Stripunsky, Alexander"]
[Black "Charbonneau, Pascal"]
[Result "1-0"]
[WhiteElo "2497"]
[BlackElo "2407"]
[PlyCount "103"]
[GameId "2129405149031511"]
[EventDate "2001.06.04"]
[EventType "tourn"]
[EventRounds "9"]
[EventCountry "USA"]
[EventCategory "9"]
[SourceTitle "The Week in Chess 345"]
[Source "Mark Crowther"]
[SourceDate "2001.06.18"]
[SourceVersion "1"]
[SourceVersionDate "2001.06.18"]
[SourceQuality "2"]

1. e4 c5 2. Nf3 Nc6 3. d4 cxd4 4. Nxd4 Qc7 5. Nc3 e6 6. Be3 a6 7. Bd3 Nf6 8. O-O Ne5 9. f4 Neg4 10. Bd2 Bc5 11. Nce2 d6 12. h3 e5 13. c3 exd4 14. cxd4 Ba7 15. hxg4 Bxg4 16. Be3 O-O 17. Qd2 Bxe2 18. Qxe2 Rae8 19. Qf3 Qd7 20. Rad1 Nxe4 21. Bxe4 Qe6 22. Bxb7 Qxe3+ 23. Qxe3 Rxe3 24. Bxa6 Re4 25. Kh2 Rb8 26. b3 Rxd4 27. Bc4 Kf8 28. a4 Ke7 29. Rfe1+ Kf6 30. Rxd4 Bxd4 31. Rd1 Bc5 32. a5 Ke7 33. a6 Kd7 34. Bd5 Ba7 35. Bb7 Re8 36. b4 Re3 37. Rd5 Kc7 38. Rb5 Ra3 39. Rf5 f6 40. Rh5 h6 41. Rd5 Ra4 42. Rb5 Bb6 43. f5 Bd4 44. Kh3 Ra3+ 45. Kg4 h5+ 46. Kxh5 Rg3 47. Bf3 Bf2 48. Rb7+ Kc8 49. Bg4 Rxg2 50. Rxg7 Be3 51. Re7 Bd4 52. a7 1-0

[Event "Wch-U16"]
[Site "Oropesa del Mar ESP"]
[Date "1999.10.26"]
[Round "3"]
[White "Charbonneau, Pascal"]
[Black "Ni Hua"]
[Result "0-1"]
[WhiteElo "2339"]
[BlackElo "2369"]
[PlyCount "60"]
[GameId "2129405160208398"]
[EventDate "1999.10.24"]
[EventType "swiss"]
[EventRounds "11"]
[EventCountry "ESP"]

1. e4 c5 2. Nf3 Nc6 3. c3 e6 4. d4 d5 5. exd5 exd5 6. Be3 c4 7. b3 cxb3 8. axb3 Bd6 9. Be2 Nge7 10. Qd2 O-O 11. O-O f5 12. Bf4 Bxf4 13. Qxf4 Ng6 14. Qd2 Kh8 15. c4 dxc4 16. bxc4 f4 17. Qc3 Qf6 18. d5 Nce5 19. Nxe5 Nxe5 20. Nd2 Bf5 21. Rac1 a5 22. c5 a4 23. d6 a3 24. Nc4 f3 25. Bxf3 Nxf3+ 26. Qxf3 a2 27. Ra1 Qd4 28. Nb6 Bb1 29. Rxa2 Bxa2 30. Qxb7 Bd5 0-1

[Event "Wch-U16"]
[Site "Oropesa del Mar ESP"]
[Date "1999.10.31"]
[Round "7"]
[White "Charbonneau, Pascal"]
[Black "Zubov, Alexander"]
[Result "0-1"]
[WhiteElo "2339"]
[BlackElo "2479"]
[PlyCount "60"]
[GameId "2129405160216671"]
[EventDate "1999.10.24"]
[EventType "swiss"]
[EventRounds "11"]
[EventCountry "ESP"]
[SourceTitle "CBM 072 ext"]
[Source "ChessBase"]
[SourceDate "1999.11.18"]
[SourceVersion "1"]
[SourceVersionDate "1999.11.18"]
[SourceQuality "1"]

1. e4 d6 2. d4 Nf6 3. Nc3 g6 4. Be3 c6 5. Qd2 b5 6. Bd3 Nbd7 7. Nf3 Qc7 8. O-O Bg7 9. a4 b4 10. Ne2 a5 11. c3 bxc3 12. bxc3 O-O 13. Bh6 e5 14. Ng3 Re8 15. Rfe1 Nf8 16. Nh4 Ne6 17. Bxg7 Kxg7 18. dxe5 dxe5 19. Bc4 Nf4 20. Nf3 Be6 21. Bxe6 Rad8 22. Qe3 Rxe6 23. Rad1 Ng4 24. Qc1 Nd3 25. Qg5 Ngxf2 26. Rd2 f6 27. Nh5+ Kh8 28. Nxf6 Nxe1 29. Nxe5 Nh3+ 30. gxh3 Rxe5 0-1

[Event "Wch U16"]
[Site "Oropesa del Mar ESP"]
[Date "1998.11.02"]
[Round "7"]
[White "Charbonneau, Pascal"]
[Black "Blasko, Istvan"]
[Result "1-0"]
[WhiteElo "2270"]
[BlackElo "2175"]
[PlyCount "85"]
[GameId "2129405166544545"]
[EventDate "1998.10.25"]
[EventType "swiss"]
[EventRounds "11"]
[EventCountry "ESP"]
[SourceTitle "Echec+ 1999.01"]

1. e4 c5 2. Nf3 d6 3. d4 cxd4 4. Nxd4 Nf6 5. Nc3 g6 6. Be3 Bg7 7. f3 O-O 8. Qd2 Nc6 9. O-O-O d5 10. exd5 Nxd5 11. Nxc6 bxc6 12. Bd4 e5 13. Bc5 Be6 14. Ne4 Re8 15. Bc4 h6 16. g4 Qc7 17. h4 Nf4 18. Bxe6 Rxe6 19. g5 h5 20. Qd7 Qa5 21. a3 Ne2+ 22. Kb1 Nd4 23. c3 Nf5 24. Qb7 Rd8 25. Rxd8+ Qxd8 26. Kc2 Nd4+ 27. cxd4 exd4 28. Rd1 Qd5 29. Qb4 a5 30. Qxa5 Qc4+ 31. Kb1 Qe2 32. Qd2 Qxf3 33. Nf6+ Bxf6 34. gxf6 Qf5+ 35. Qc2 Qxf6 36. Rxd4 Re1+ 37. Ka2 Rh1 38. Qc4 Qf5 39. Re4 Kh7 40. Bf8 Kg8 41. Bb4 Kh7 42. Bc3 Rg1 43. Qd4 1-0

[Event "Wch U16"]
[Site "Oropesa del Mar ESP"]
[Date "1998.11.03"]
[Round "8"]
[White "Bokros, Albert"]
[Black "Charbonneau, Pascal"]
[Result "1/2-1/2"]
[WhiteElo "2365"]
[BlackElo "2270"]
[PlyCount "105"]
[GameId "2129405166544567"]
[EventDate "1998.10.25"]
[EventType "swiss"]
[EventRounds "11"]
[EventCountry "ESP"]
[SourceTitle "CBM 67 ext"]
[Source "ChessBase"]
[SourceDate "1999.01.01"]
[SourceVersion "1"]
[SourceVersionDate "1999.01.01"]
[SourceQuality "1"]

1. e4 c5 2. Nf3 Nc6 3. d4 cxd4 4. Nxd4 g6 5. c4 Bg7 6. Be3 Nf6 7. Nc3 O-O 8. Be2 b6 9. O-O Bb7 10. f3 Nh5 11. Ndb5 a6 12. Na3 d6 13. Qd2 Nf6 14. Rac1 Rb8 15. Rfd1 Nd7 16. Nd5 Ba8 17. Bf1 Nce5 18. Nc2 Re8 19. Qf2 e6 20. Nc3 Qe7 21. Qd2 Bf8 22. Be2 Rec8 23. b3 Nc5 24. Bg5 Qe8 25. Ne3 h6 26. Bf4 Bg7 27. Nf1 Kh7 28. Be3 Rd8 29. b4 Na4 30. Bd4 d5 31. Nxa4 dxe4 32. Qe3 Qxa4 33. Bxb6 Rxd1 34. Bxd1 Qxb4 35. Bc5 Qb7 36. Bd6 Rd8 37. c5 Qd5 38. fxe4 Qxe4 39. Qxe4 Bxe4 40. Be2 Bd3 41. Ng3 Bxe2 42. Nxe2 Nc6 43. Rb1 Nd4 44. Nxd4 Bxd4+ 45. Kf1 Rc8 46. Rb4 e5 47. Ke2 Rc6 48. Rb7 Kg7 49. Kd3 Bxc5 50. Bxe5+ Kf8 51. Ke4 Bg1 52. Kd5 Rc2 53. Rb8+ 1/2-1/2

[Event "Wch U16"]
[Site "Oropesa del Mar ESP"]
[Date "1998.11.04"]
[Round "9"]
[White "Charbonneau, Pascal"]
[Black "Rusev, Krasimir"]
[Result "1/2-1/2"]
[WhiteElo "2270"]
[BlackElo "2125"]
[PlyCount "95"]
[GameId "2129405166544587"]
[EventDate "1998.10.25"]
[EventType "swiss"]
[EventRounds "11"]
[EventCountry "ESP"]
[SourceTitle "CBM 67 ext"]
[Source "ChessBase"]
[SourceDate "1999.01.01"]
[SourceVersion "1"]
[SourceVersionDate "1999.01.01"]
[SourceQuality "1"]

1. e4 c5 2. Nf3 e6 3. d4 cxd4 4. Nxd4 Nf6 5. Nc3 Bb4 6. e5 Nd5 7. Bd2 Nxc3 8. bxc3 Ba5 9. Qg4 Kf8 10. Bd3 Nc6 11. Nxc6 dxc6 12. O-O h5 13. Qe2 Bc7 14. Rae1 b6 15. f4 g6 16. Be4 Bb7 17. Bc1 Qc8 18. Qf3 Rb8 19. Bxc6 Bd6 20. Bxb7 Bc5+ 21. Kh1 Qxb7 22. Qh3 Ke7 23. f5 gxf5 24. Bg5+ Kd7 25. Rd1+ Kc7 26. Qd3 Qc6 27. Rd2 Rbc8 28. Rfd1 Kb7 29. Bf6 Rhg8 30. Qh3 Rg6 31. Qxh5 Be3 32. Rd7+ Rc7 33. Qf3 Qxf3 34. Rxc7+ Kxc7 35. gxf3 Kc6 36. h4 Rg3 37. Rf1 Bf4 38. Rd1 Rxf3 39. Rd8 Rf2 40. Rf8 Rxc2 41. Rxf7 Rxa2 42. Kg1 Kd5 43. Rd7+ Ke4 44. h5 Kf3 45. Rd3+ Be3+ 46. Rxe3+ Kxe3 47. h6 Kf3 48. h7 1/2-1/2

[Event "Wch U16"]
[Site "Oropesa del Mar ESP"]
[Date "1998.11.07"]
[Round "11"]
[White "Charbonneau, Pascal"]
[Black "Merino Garcia, Rafael"]
[Result "1-0"]
[WhiteElo "2270"]
[BlackElo "2275"]
[PlyCount "79"]
[GameId "2129405166544626"]
[EventDate "1998.10.25"]
[EventType "swiss"]
[EventRounds "11"]
[EventCountry "ESP"]
[SourceTitle "CBM 67 ext"]
[Source "ChessBase"]
[SourceDate "1999.01.01"]
[SourceVersion "1"]
[SourceVersionDate "1999.01.01"]
[SourceQuality "1"]

1. e4 c5 2. Nf3 Nc6 3. d4 cxd4 4. Nxd4 g6 5. c4 Nf6 6. Nc3 d6 7. Be2 Nxd4 8. Qxd4 Bg7 9. Be3 O-O 10. Qd2 Be6 11. O-O Qa5 12. Rfc1 Rfc8 13. h3 a6 14. Rab1 Rab8 15. f3 b5 16. b4 Qd8 17. cxb5 axb5 18. Nxb5 Ra8 19. Nc3 Ra3 20. Nd5 Nxd5 21. exd5 Bf5 22. Rb3 Rxc1+ 23. Qxc1 Rxa2 24. Bf1 Qa8 25. b5 h5 26. Qc4 Rc2 27. Qb4 Bc8 28. b6 Bb7 29. Ra3 Qc8 30. Ra7 Kh7 31. Qe4 Rc3 32. Qxe7 Bxd5 33. Rc7 Rxc7 34. bxc7 Bf8 35. Qd8 Be6 36. Bc4 Qb7 37. Bxe6 Qb1+ 38. Kf2 Qc2+ 39. Kg3 h4+ 40. Qxh4+ 1-0

[Event "World op"]
[Site "Philadelphia USA"]
[Date "1998.06.30"]
[Round "4"]
[White "Charbonneau, Pascal"]
[Black "Ippolito, Dean"]
[Result "0-1"]
[WhiteElo "2235"]
[BlackElo "2435"]
[PlyCount "46"]
[GameId "2129405168076886"]
[EventDate "1998.06.27"]
[EventType "swiss"]
[EventRounds "9"]
[EventCountry "USA"]
[SourceTitle "EXT 99"]
[Source "ChessBase"]
[SourceDate "1998.11.10"]
[SourceVersion "1"]
[SourceVersionDate "1998.11.10"]
[SourceQuality "1"]

1. e4 e5 2. Nf3 Nc6 3. d4 exd4 4. Nxd4 Nf6 5. Nxc6 bxc6 6. e5 Qe7 7. Qe2 Nd5 8. c4 Ba6 9. g3 g6 10. b3 Bg7 11. Bb2 O-O 12. Bg2 Rae8 13. O-O Nb6 14. Re1 f6 15. e6 Qd6 16. e7 Rf7 17. c5 Rfxe7 18. cxd6 Rxe2 19. Rxe2 Rxe2 20. Bxc6 Rc2 21. Be4 Rc1+ 22. Kg2 Bf1+ 23. Kf3 f5 0-1

[Event "World op"]
[Site "Philadelphia USA"]
[Date "1998.07.01"]
[Round "5"]
[White "De Fotis, Gregory"]
[Black "Charbonneau, Pascal"]
[Result "0-1"]
[WhiteElo "2380"]
[BlackElo "2235"]
[PlyCount "72"]
[GameId "2129405168076928"]
[EventDate "1998.06.27"]
[EventType "swiss"]
[EventRounds "9"]
[EventCountry "USA"]
[SourceTitle "EXT 99"]
[Source "ChessBase"]
[SourceDate "1998.11.10"]
[SourceVersion "1"]
[SourceVersionDate "1998.11.10"]
[SourceQuality "1"]

1. d4 d5 2. c4 dxc4 3. Nf3 Nf6 4. e3 e6 5. Bxc4 c5 6. O-O a6 7. a4 Nc6 8. Qe2 cxd4 9. Rd1 Be7 10. exd4 O-O 11. Nc3 Nd5 12. Ne4 b6 13. Bd3 Ra7 14. Neg5 g6 15. h4 Bf6 16. Bb1 Rc7 17. Be4 Ncb4 18. Ne5 Bg7 19. Ra3 Nf6 20. Bb1 Nbd5 21. h5 Nxh5 22. Nxh7 Rxc1 23. Rxc1 Ndf4 24. Qc2 Kxh7 25. Nf3 Bb7 26. g3 Nh3+ 27. Kh2 Ng5 28. Nh4 Qf6 29. f3 Rc8 30. Qd2 Rxc1 31. Qxc1 Nxf3+ 32. Nxf3 Bxf3 33. Qf1 Bd5 34. Qe2 Qg5 35. Rc3 Nf6 36. Rc7 Ng4+ 0-1

[Event "World op"]
[Site "Philadelphia USA"]
[Date "1998.??.??"]
[Round "6"]
[White "Charbonneau, Pascal"]
[Black "Sherman, David"]
[Result "1-0"]
[WhiteElo "2235"]
[BlackElo "2155"]
[PlyCount "45"]
[GameId "2129405168076946"]
[EventDate "1998.06.27"]
[EventType "swiss"]
[EventRounds "9"]
[EventCountry "USA"]
[SourceTitle "EXT 99"]
[Source "ChessBase"]
[SourceDate "1998.11.10"]
[SourceVersion "1"]
[SourceVersionDate "1998.11.10"]
[SourceQuality "1"]

1. e4 e5 2. Nf3 Nc6 3. d4 d6 4. Bc4 Be7 5. Nc3 Bg4 6. h3 Bxf3 7. Qxf3 Nf6 8. d5 Nb8 9. Be3 O-O 10. g4 Ne8 11. h4 Bxh4 12. Qh3 g5 13. Ne2 Nf6 14. Ng3 c6 15. O-O-O b5 16. Bd3 cxd5 17. exd5 e4 18. Bxe4 Nxe4 19. Nxe4 h6 20. Ng3 Qf6 21. Nf5 Kh7 22. Nxh4 gxh4 23. Qxh4 1-0

[Event "Wch U16"]
[Site "Yerevan ARM"]
[Date "1997.09.22"]
[Round "2"]
[White "Zakharov, Alexander"]
[Black "Charbonneau, Pascal"]
[Result "0-1"]
[WhiteElo "2360"]
[BlackElo "2120"]
[PlyCount "54"]
[GameId "2129405172773885"]
[EventDate "1997.09.21"]
[EventType "swiss"]
[EventRounds "11"]
[EventCountry "ARM"]
[SourceTitle "EXT 2008"]
[Source "ChessBase"]
[SourceDate "2007.11.25"]
[SourceVersion "1"]
[SourceVersionDate "2007.11.25"]
[SourceQuality "1"]

1. e4 c5 2. c3 Nf6 3. e5 Nd5 4. d4 cxd4 5. Nf3 Nc6 6. Bc4 Nb6 7. Bb3 d5 8. exd6 Qxd6 9. O-O e6 10. cxd4 Be7 11. Nc3 a6 12. Be3 O-O 13. Qe2 Nd5 14. Ne4 Qd8 15. a3 b6 16. Bc2 Bd7 17. Qd3 f5 18. Nc3 Na5 19. Ne5 Rc8 20. Qxa6 Nxc3 21. bxc3 Rxc3 22. d5 Bc8 23. Qe2 Qxd5 24. Bxb6 Bf6 25. f4 Bxe5 26. fxe5 Qc6 27. Bxa5 Rxc2 0-1

[Event "Wch U16"]
[Site "Yerevan ARM"]
[Date "1997.09.23"]
[Round "3"]
[White "Charbonneau, Pascal"]
[Black "Bunzmann, Dimitrij"]
[Result "0-1"]
[WhiteElo "2120"]
[BlackElo "2370"]
[PlyCount "80"]
[GameId "2129405172773892"]
[EventDate "1997.09.21"]
[EventType "swiss"]
[EventRounds "11"]
[EventCountry "ARM"]
[SourceTitle "EXT 2008"]
[Source "ChessBase"]
[SourceDate "2007.11.25"]
[SourceVersion "1"]
[SourceVersionDate "2007.11.25"]
[SourceQuality "1"]

1. e4 c5 2. Nf3 a6 3. c4 e6 4. d4 cxd4 5. Nxd4 b6 6. Bd3 Bb7 7. O-O d6 8. Nc3 Be7 9. Be3 Nf6 10. f3 O-O 11. Qd2 Nbd7 12. Rac1 Rc8 13. b3 Re8 14. Kh1 Bf8 15. Qf2 d5 16. exd5 exd5 17. Nf5 Nc5 18. Bb1 dxc4 19. bxc4 g6 20. Rcd1 Qc7 21. Bd4 Nh5 22. Ne3 Bg7 23. Ned5 Bxd5 24. Nxd5 Qc6 25. Rfe1 Kf8 26. Rxe8+ Rxe8 27. Be3 Nf6 28. Nxf6 Bxf6 29. Bf4 Qa4 30. Re1 Rxe1+ 31. Qxe1 Qxc4 32. Bh6+ Bg7 33. Bg5 Ne6 34. Qc1 b5 35. Be3 Bd4 36. Qa3+ b4 37. Bh6+ Bg7 38. Bxg7+ Kxg7 39. Bd3 Qc3 40. Qxa6 Nc5 0-1

[Event "Wch U16"]
[Site "Yerevan ARM"]
[Date "1997.09.25"]
[Round "5"]
[White "Charbonneau, Pascal"]
[Black "Sargissian, Gabriel"]
[Result "1-0"]
[WhiteElo "2120"]
[BlackElo "2295"]
[PlyCount "47"]
[GameId "2129405172773942"]
[EventDate "1997.09.21"]
[EventType "swiss"]
[EventRounds "11"]
[EventCountry "ARM"]
[SourceTitle "EXT 2008"]
[Source "ChessBase"]
[SourceDate "2007.11.25"]
[SourceVersion "1"]
[SourceVersionDate "2007.11.25"]
[SourceQuality "1"]

1. e4 c5 2. Nf3 Nc6 3. d4 cxd4 4. Nxd4 Nf6 5. Nc3 d6 6. Bg5 e6 7. Qd2 Be7 8. O-O-O O-O 9. Nb3 Qb6 10. f3 Rd8 11. Kb1 d5 12. Bxf6 dxe4 13. Bxe7 Rxd2 14. Nxd2 exf3 15. gxf3 h6 16. Bh4 Qc5 17. Be2 g5 18. Nde4 Qe7 19. Bf2 f5 20. Nd6 Bd7 21. Rhe1 Ne5 22. Nxf5 exf5 23. Bd4 Nf7 24. Nd5 1-0